| 000 | 00000nam##2200000za#4500 |
| 001 | 9.696121 |
| 003 | CaOODSP |
| 005 | 20210624234905 |
| 007 | cr ||||||||||| |
| 008 | 150407|1997||||xxc|||||o f|0| 0 eng|d |
| 040 | |aCaOODSP|beng |
| 043 | |an-cn--- |
| 086 | 1 |aCi63-19/1997E-PDF |
| 110 | 1 |aCanada. |bCitizenship and Immigration Canada. |
| 245 | 12|aA newcomer's introduction to Canada / |h[electronic resource]|c[Issued by] Citizenship and Immigration Canada. |
| 260 | |aOttawa - Ontario : |bCitizenship and Immigration Canada |cc1997. |
| 300 | |a79p.|billus., map, index |
| 500 | |aThe catalogue number (Ci63-19/1997E) and ISBN (0-662-25646-8) for the print edition have been incorrectly copied in this electronic publication. |
| 590 | |a12-18-Supp|b2012-04-25 |
| 690 | 07|aCitizenship|2gcpds |
| 690 | 07|aImmigrants|2gcpds |
| 775 | 08|tLe Canada et les nouveaux arrivants / |w(CaOODSP)9.640242 |
| 776 | 0#|tA newcomer's introduction to Canada |w(CaOODSP)9.646571 |
| 856 | 40|ahttp://publications.gc.ca|qPDF|s1.75 MB|uhttps://publications.gc.ca/collections/collection_2012/cic/Ci63-19-1997-eng.pdf |
| 986 | |aC&I-031-03-97E |